00255nam a2200085Ia 4500008004100000100005000041245004000091260003000131300000800161201217s9999 xx 000 0 und d aNemeth, Evi, Snyder, Garth and Seebass, Scott 0aUnix System Administration Handbook aNew JerseybPrentice-Hall a593